| 000 | 01942nam a2200349 i 4500 | ||
|---|---|---|---|
| 001 | 16895 | ||
| 003 | ES-MaACL | ||
| 005 | 20260526165533.0 | ||
| 007 | t| | ||
| 008 | 001120m19451984fr ||||1| spa d | ||
| 080 | _a323.172(460) | ||
| 080 | _a329.285 | ||
| 100 | 1 |
_aAláiz, Felipe. _919091 |
|
| 245 | 1 | 0 |
_aHacia una Federación de Autonomías Ibéricas (F.A.I) / _cFelipe Aláiz. |
| 260 |
_aBordeaux : _bTierra y Libertad, _c1945-1984. |
||
| 300 |
_a20 v. ; _c21 cm. |
||
| 505 | 8 | _aContiene: 1. Nueva maldición del practicismo - 2. España social federal - 3. El municipio español desde la época de Roma - 4. La federación local es el municipio - 5. El municipio mandatario de su asamblea abierta - 6. Excursión reclusiana por la España fluvial - 7. Excursión reclusiana por la España árida - 8. Las costas de la península ibérica - 9. Cultura metódica de base funcional - 10. Economía federable - 11. Sentido actual de la cooperativa - 12. Arte accesible - 13. Cifra y prueba de la vida local española - 14. Carta municipal acordada - 15. Urbanismo - 16. Las ideas universales en el pensamiento español - 17. País Vasco y Cataluña - 18. Relación sociable de los pueblos ibéricos - 19. Por una Iberia vertebrada - 20. Conclusiones | |
| 610 | 2 | 4 |
_aFederación Anarquista Ibérica. _9172559 |
| 650 | 4 |
_aAnarquismo- _zEspaña- _yS.XX. _9141771 |
|
| 650 | 4 |
_aMovimiento obrero- _zEspaña- _yS.XX. _915216 |
|
| 650 | 4 |
_aRíos- _zEspaña. _9142267 |
|
| 650 | 7 |
_aAnarquismo _2embne _99783 |
|
| 650 | 4 |
_aRegiones áridas- _zEspaña. _9172557 |
|
| 650 | 4 |
_aCostas- _zPenínsula Ibérica. _9172558 |
|
| 650 | 4 |
_aCooperativas- _zEspaña. _9163138 |
|
| 650 | 4 |
_aFederalismo- _zEspaña. _912739 |
|
| 650 | 4 |
_aRelaciones administración central-administraciones regionales- _zEspaña. _9168598 |
|
| 651 | 4 |
_aEspaña- _xComunidades autónomas. _9153185 |
|
| 852 |
_aES-MaACL _j2158-F-1-20 |
||
| 942 | _2udc | ||
| 999 |
_c16895 _d16895 |
||